The First 100 Words of Pippi Longstocking - Statistics

General Stats
  • This quiz has been taken 89 times
  • The average score is 62 of 100
Answer Stats
Answer % Correct
a
98%
the
95%
was
94%
Pippi
92%
an
90%
in
87%
Longstocking.
87%
She
87%
she
87%
to
87%
and
84%
her
81%
there
81%
had
79%
one
79%
no
78%
father,
75%
go
71%
house,
71%
house
71%
lived
71%
mother
71%
alone.
70%
of
68%
all
65%
that
65%
when
65%
at
63%
old
63%
old,
63%
time
59%
who
59%
Once
52%
town
52%
little
49%
years
48%
nine
46%
tell
44%
upon
41%
bed
40%
could
38%
because
35%
very
30%
garden,
27%
garden
27%
out
27%
just
25%
end
24%
Way
24%
course
22%
most
21%
fun,
19%
having
19%
take
17%
make
16%
much
10%
nice
8%
overgrown
8%
candy.
5%
tiny
5%
cod
3%
liver
3%
oil
3%
preferred
3%
caramel
2%
No matching quizzes found
Score Distribution
Percent of People with Each Score
Percentile by Number Answered
Your Score History
You have not taken this quiz